<?xml version="1.0" encoding="UTF-8"?>
<record
    xmlns:xsi="http://www.w3.org/2001/XMLSchema-instance"
    xsi:schemaLocation="http://www.loc.gov/MARC21/slim http://www.loc.gov/standards/marcxml/schema/MARC21slim.xsd"
    xmlns="http://www.loc.gov/MARC21/slim">

  <leader>00502nam a22001697a 4500</leader>
  <datafield tag="999" ind1=" " ind2=" ">
    <subfield code="c">525303</subfield>
    <subfield code="d">525303</subfield>
  </datafield>
  <controlfield tag="003">NUST</controlfield>
  <datafield tag="038" ind1=" " ind2=" ">
    <subfield code="a">waseem</subfield>
  </datafield>
  <datafield tag="082" ind1=" " ind2=" ">
    <subfield code="a">297.34</subfield>
    <subfield code="b">ZAM</subfield>
  </datafield>
  <datafield tag="100" ind1=" " ind2=" ">
    <subfield code="a">Zaman, Saleem Ullah</subfield>
    <subfield code="9">16038</subfield>
  </datafield>
  <datafield tag="245" ind1=" " ind2=" ">
    <subfield code="a">Jahanam Mein Aurton Ki Kasarat Kou? /</subfield>
    <subfield code="c">Saleem Ullah Zaman</subfield>
  </datafield>
  <datafield tag="260" ind1=" " ind2=" ">
    <subfield code="a">Lahore :</subfield>
    <subfield code="b">Dar-e-Andalas,</subfield>
    <subfield code="c">[S.l].</subfield>
  </datafield>
  <datafield tag="300" ind1=" " ind2=" ">
    <subfield code="a">165 p. ;</subfield>
  </datafield>
  <datafield tag="500" ind1=" " ind2=" ">
    <subfield code="a">Paperback.</subfield>
  </datafield>
  <datafield tag="880" ind1=" " ind2=" ">
    <subfield code="6">100-02\r</subfield>
    <subfield code="a">&#x633;&#x644;&#x6CC;&#x645; &#x627;&#x644;&#x644;&#x6C1; &#x632;&#x645;&#x627;&#x646;</subfield>
  </datafield>
  <datafield tag="880" ind1=" " ind2=" ">
    <subfield code="6">245-02\r</subfield>
    <subfield code="a">&#x62C;&#x6C1;&#x646;&#x645; &#x645;&#x6CC;&#x6BA; &#x639;&#x648;&#x631;&#x62A;&#x648;&#x6BA; &#x6A9;&#x6CC; &#x6A9;&#x62B;&#x631;&#x62A; &#x6A9;&#x6CC;&#x648;&#x6BA;&#x61F; /</subfield>
  </datafield>
  <datafield tag="942" ind1=" " ind2=" ">
    <subfield code="2">ddc</subfield>
    <subfield code="c">BK</subfield>
  </datafield>
  <datafield tag="952" ind1=" " ind2=" ">
    <subfield code="0">0</subfield>
    <subfield code="1">0</subfield>
    <subfield code="2">ddc</subfield>
    <subfield code="4">0</subfield>
    <subfield code="7">0</subfield>
    <subfield code="a">CL</subfield>
    <subfield code="b">CL</subfield>
    <subfield code="c">ISL</subfield>
    <subfield code="d">2019-06-30</subfield>
    <subfield code="l">0</subfield>
    <subfield code="o">297.34 ZAM</subfield>
    <subfield code="p">CL-E-609</subfield>
    <subfield code="r">2019-06-30</subfield>
    <subfield code="w">2019-06-30</subfield>
    <subfield code="y">BK</subfield>
  </datafield>
</record>
